000 01191nam a2200193 a 4500
001 000046300
005 20251120073733.0
008 150716s1994 dr 000 0 spa d
040 _aDO-SdBNP
_bspa
_cBNPHU
082 _axxxx
_bxxxx
100 1 _aFlores Santana, Juan Antonio
_916066
245 1 0 _aViajes por nuestras cumbres :
_bbellezas y mensajes /
_cJuan Antonio Flores Santana.
260 _aSantiago de los Caballeros, República Dominicana :
_bPUCMM,
_c1994.
300 _a88 p. ;
_c21 cm.
490 1 _aContemporáneos
_v172
505 0 _aDios se revela en las montañas --
_tLa subida a Pico Duarte por San José de la Matas. Dios y la naturaleza --
_tLa subida al pico Duarte por el Valle del Tetero. Jesucristo luz --
_tLa subida al Pico Duarte por San Juan de la Maguana. Acompañando a Santa María del Camino --
_tMensaje de año nuevo desde el Pico Duarte --
_tJesucristo y las montañas --
_tLa subida al Pico Duarte por Jarabacoa. Vigoriza el cuerpo y el espíritu --
_tLa Cordillera septentrional. Atención a nuestra ecología --
_tEl monte de las bienaventuranzas --
710 2 2 _aPontificia Universidad Católica Madre y Maestra
_9843
830 0 _aContemporáneos.
_n172
_974312
999 _c45789
_d45789